| 000 | 00620cam a22002171 4500 | ||
|---|---|---|---|
| 001 | BD-DhSAU 1912 | ||
| 003 | BD-DhSAU | ||
| 005 | 20150121160215.0 | ||
| 008 | 780601s1963 nyua b 000 0 eng | ||
| 040 | _aBD-DhSAU | ||
| 082 |
_a631.372 _222 _bTRA |
||
| 100 | 1 | _aBarger, E. L. | |
| 245 | 0 | 0 |
_aTractors and their power units / _cby E. L. Barger [et. al.] |
| 250 | _a2d ed. | ||
| 260 |
_aNew York : _bWiley ; _cc1963. |
||
| 300 |
_axvii, 524 p.: _bill. ; _c22 cm. |
||
| 440 | 4 | _aThe Ferguson Foundation agricultural engineering series | |
| 504 | _aIncludes bibliographies. | ||
| 590 | _aIMRAN | ||
| 650 | 0 | _aTractors. | |
| 942 |
_2ddc _cBOOK |
||
| 999 |
_c1912 _d1912 |
||